000 00214 a2200097 4500
001 46968
100 _aFarwell
245 _aQueen Victoria's Little Wars
260 _aLondon
_bAllen Lane
_c
090 _c30039
_d30039
942 _aNUST-CAE
_cM
_c22269
999 _c282041
_d282041